000 00360nam a2200109Ia 4500
008 240129s9999 xx 000 0 und d
100 _aSHIVDAYAL
245 3 _aAN ANALYSIS OF APPLICATIONS OF THE UNILATERAL AND BILATERAL LAPLACE TRANSFORM TO THE DIFFERENTIAL EQUATIONS
260 _bMEWAR UNIVERSITY, CHITTORGARH
_c2021
650 _aMathematics
942 _cTHE
999 _c218994
_d218994